000 00853nam a2200253 i 4500
001 bg
100 1 _aDEMENKO, Andrzej
245 1 0 _aSymulacja dynamicznych stanów pracy maszyn elektrycznych w ujęciu polowym /
_cAndrzej Demenko.
260 _aPoznań :
_bWydaw. Politechniki Poznańskiej,
_c1997.
300 _a133 s. :
_brys., wykr. ;
_c24 cm.
504 _aBibliogr. s. 129-132. - Summ.
650 9 _aAnaliza numeryczna
_xstosowanie
_xelektrotechnika
650 9 _aMaszyny elektryczne
_xbadanie
650 9 _aModele matematyczne
_xstosowanie
_xelektrotechnika
650 9 _aPole magnetyczne
_xbadanie
650 9 _aSymulacja
_xstosowanie
_xelektrotechnika
020 _a8371431546
040 _cBPK
041 0 _apl
_ben
080 _a621.313:537.6:51
920 _a83-7143-154-6
942 _cKS
008 s pl f |000 0 pol
999 _c31633
_d31633
856 _uhttp://koha.tu.koszalin.pl/cgi-bin/koha/opac-detail.pl?biblionumber=31633
_yKatalog online BPK